00499 2200193 4500001002100000005001500021008004100036035002000077082000800097084001400105100002000119245006500139250000600204260004600210300001100256650001400267990001200281990001200293INLIS00000000000037020240503072337240503 0 ind  a0010-0424000346 a600 a600 UNT t aSukamto, Untung1 aTimah : Potensi, Penambangan & Pemanfaatan /cUntung Sukamto a1 aYogyakarta :bPT. Citra Aji Parama,c2015 a59 hlm 4aNon Fiksi a0728576 a0728577